000 00289 a2200145 4500
001 168036
020 _a
040 _cMagnum
100 _aSnyder, Robin
240 1 0 _aA guerra dos gobots
_lpor
245 1 0 _aA guerra dos gobots
362 0 _a1899
697 _aIJ/GERAL
942 _cBK
999 _c168036
_d168036